000 00686nam a2200229 u 4500
005 20240910063830.0
008 160608s2009 es r 000 0 spa d
020 _a9788498712094
035 _aUPN01000211275
049 _aI
050 4 _aPZ74.1
_bG3.3
100 1 _aGarcía Castellano, Ana
_939092
245 1 3 _aLa higuera de Pelostuertos /
_ctexto de Ana Ga. Castellano a partir del cuento tradicional ; Mikel Mardones.
260 _aGalicia, Esp. :
_bOQO,
_c2009.
300 _a[34] p. :
_eil. col.
440 0 _aO
650 4 _aCuentos infantiles españoles
_97725
650 4 _aCuentos de terror
_92404
905 _aInfantil
999 _c183376
_d183376